01463 a2200229 4500003000500000005001700005010001700022020002800039040000900067082001600076245010300092260003300195300003300228505065900261650002700920650004300947700002700990700002301017700002701040856009101067856007501158Nust20230905092427.0 a 2004051229 c0387229787 (alk. paper) cNust00a629.277,DSP00aDSP for in-vehicle and mobile systems /cedited by H赳eyin Abut, John H.L. Hansen, Kazuya Takeda. aNew York :bSpringercc2005. axv, 313 p. :bill. ;c25 cm. aConstruction And Analysis Of A Multilayered In Car Spoken Dialogue Corpus (Page-1), CU-Move (Page-19), A Spoken Dialog Corpus For Car Telematics Services (Page-47), Experiences Of Multi-Speaker Dialogue Sys For Vehicular Information Retrieval (Page-65), Robust Dialoge Management (Page-83), Use Of Multiple Speech Recognition Units (Page-97), Hi- Speed Error Correcting Code LSI (Page-113), MCMAC (Page-123), Noise Robust Speech Recognition (Page-139), Speech Enhancement (Page-169), Real Time Transmission (Page-193), DWT Image Compression For Mobile Comm. (Page-209), Joint Audio Video Processing (Page-237), Is Our Driving Behavior Unique (Page-257).  0aAutomotive telematics. 0aSignal processingxDigital techniques.1 aAbut, H赳eyin,d1945-1 aHansen, John H. L.1 aTakeda, Kazuya,d1960-413Publisher descriptionuhttp://www.loc.gov/catdir/enhancements/fy0663/2004051229-d.html413Table of contentsuhttp://www.loc.gov/catdir/toc/fy053/2004051229.html